Elenca la formazione - Quiz n°316 - Statistics

Statistiche generali
  • Questo quiz è stato fatto 131 volte
  • Il punteggio medio è 11 su 11
Statistiche sulle risposte
Ruolo Club dell'epoca Calciatore % Corretto
Attaccante Lazio Ciro Immobile
100%
Centrocampista Inter Nicolò Barella
100%
Portiere Milan Gianluigi Donnarumma
99%
Difensore Juventus Giorgio Chiellini
99%
Attaccante Chiesa Federico Chiesa
98%
Difensore Napoli Giovanni Di Lorenzo
98%
Centrocampista Chelsea Jorginho
98%
Difensore Juventus Leonardo Bonucci
98%
Attaccante Napoli Lorenzo Insigne
98%
Centrocampista Paris Saint-Germain Marco Verratti
98%
Difensore Chelsea Emerson Palmieri
83%
Nessun quiz corrispondente trovato
Distribuzione punteggi
Percentuale di utenti per punteggio
Percentile per numero di risposta
I tuoi punteggi nel tempo
Non hai fatto questo quiz